| 000 | 00657nam a22001577a 4500 | ||
|---|---|---|---|
| 003 | OSt | ||
| 005 | 20161125143350.0 | ||
| 008 | 161125b xxu||||| |||| 00| 0 eng d | ||
| 040 | _cRUA | ||
| 082 | _aAGR KEY 2015 B538 Or. | ||
| 100 |
_911368 _aKRY SREYROTH; ឃី ស្រីរត្ន័ |
||
| 245 | _aEffect of urea utilization on celery cabbage; ឥទ្ធិពលនៃការប្រើប្រាស់ជីអ៊ុយរ់េលើដុះលូតលាស់និងទិន្នផលដំណាំស្ពៃចង្កឹះ | ||
| 260 |
_aPhnom Penh _bRUA _c2015 |
||
| 300 |
_axi; 41p; _bill; _c29cm; |
||
| 942 |
_2ddc _cAGR |
||
| 999 |
_c10930 _d10930 |
||